Statistics for All Things Ted Cruz

Click here to take the quiz!

General Stats

  • This quiz has been taken 10 times
  • The average score is 4 of 13

Answer Stats

HintAnswer% Correct
What country was Ted Cruz born in?Canada
89%
While the Texas electrical grid failed in February, 2021 and hundreds of Texans died from the cold, where did Ted and his family fly to?Cancun
67%
How many hours from the above filibuster did Cruz actually speak himself?13
56%
Who did Ted Cruz endorse for US President in the 2020 election?Donald Trump
56%
In 2013, Cruz read what book during a 21 hour filibuster to oppose the Affordable Care Act?Green Eggs and Ham
56%
What word did Donald Trump use to describe Ted Cruz's wife Heidi during the Republican primaries?Ugly
33%
As Solicitor General for Texas, Cruz declined to vacate a 16.5 year sentence for Michael Wayne Haley's theft of what item?A calculator
22%
When Ted Cruz's official Twitter account "liked" a pornographic video, who did Ted blame?A staffer
22%
Where did Ted Cruz attend law school?Harvard Law School
22%
Who did Ted Cruz elbow in the face (more than once) during a concession speech after withdrawing as a presidential candidate in 2016?His Wife
11%
As Texas' Solicitor General, Cruz argued and lost (unanimously) a case in front of the US Supreme Court to withdraw already granted funding for adequate healthcare for:Poor Children
11%
What political group did Cruz run for US Senator under in 2012?Tea Party Movement
0%
Who, on national television during the 2018 midterms, told Ted Cruz that he (Cruz) had been neutered by Donald Trump?Triumph the Insult Comic Dog
0%

Score Distribution

Percentile by Number Answered

Percent of People with Each Score

Your Score History

You have not taken this quiz